000 03220namaa2200481uu 4500
001 doab93384
003 oapen
005 20260305123953.0
006 m o d
007 cr|mn|---annan
008 221102s2022 xx |||||o ||| 0|eng d
020 _a9789463727693
020 _a9789463727693
024 7 _a10.5117/9789463727693
_2doi
040 _aoapen
_coapen
041 0 _adut
041 0 _aeng
042 _adc
072 7 _a1DDN
_2bicssc
072 7 _a2ACD
_2bicssc
072 7 _aGLC
_2bicssc
072 7 _aNHT
_2bicssc
720 1 _aNederlandse Boekhistorische Vereniging, Leiden
_4edt
245 0 0 _aJaarboek voor Nederlandse boekgeschiedenis/Yearbook for Dutch Book History 29/2022
_bOnderwijs en pedagogiek / Education and Pedagogy
260 _aAmsterdam
_bAmsterdam University Press
_c2022
300 _a1 online resource (350 p.)
336 _atext
_btxt
_2rdacontent
337 _acomputer
_bc
_2rdamedia
338 _aonline resource
_bcr
_2rdacarrier
506 0 _aFree-to-read
_fUnrestricted online access
_2star
520 _aYearbook for Dutch Book History, Volume 29/2022 Education and Pedagogy The Yearbook for Dutch Book History publishes articles in the Dutch and English language on all aspects of the book history of the Low Countries. The central theme of Volume 29 (2022) of the Yearbook is 'Education and Pedagogy'. Contributions to the volume encompass a broad scope. The seventeenth and eighteenth centuries are discussed from the perspectives of Catholic and Protestant schoolbooks, and their roles in contemporary theological disputes, as well as the manner in which the Disaster Year (1672) was canonised in the Nieuwe Spiegel der Jeugd (New Mirror of Youth), which was repeatedly in print between 1674 and 1780. Later periods are treated by contributions detailing handbooks for artists in the nineteenth century and the illustrations of Cornelis Jetses in Bremer schoolbooks. Knowledge and illustrations of the clitoris stand at the heart of a contribution on biological education. The section of thematic articles is concluded by an interview with two publishers of schoolbooks who detail contemporary developments in the schoolbook market. Unrelated to the annual theme, the Yearbook also contains contributions on the printer Peter van Selow and his supposed Dutch background, the survival of editions of the Reformed Liturgy in the later sixteenth and early seventeenth centuries, and an article on so-called Neusboekjes (Nose-books), short comical works from the seventeenth and eighteenth century with pronounced satirical insights into Dutch politics and social norms.
540 _aAll rights reserved
_uhttp://oapen.org/content/about-rights
546 _aDutch
546 _aEnglish
650 7 _aDutch
_2bicssc
650 7 _aHistory: specific events and topics
_2bicssc
650 7 _aLibrary, archive and information management
_2bicssc
650 7 _aNetherlands
_2bicssc
653 _aNederlandse Boekgeschiedenis
720 1 _aNederlandse Boekhistorische Vereniging, Leiden
_4oth
793 0 _aDOAB Library.
856 4 0 _uhttps://directory.doabooks.org/handle/20.500.12854/93384
_70
_zFree-to-read: DOAB: description of the publication
999 _c93187
_d93187